000
00244nam a2200097Ia 4500
082
_a
EF AUST
245
0
_a
Pride and prejudice
100
_a
Austen, Jane, London, 2009
_9
24402
942
_c
BK
008
210818s9999 xx 000 0 und d
999
_c
428984
_d
428983